| 000 | 00434nam a22001697a 4500 | ||
|---|---|---|---|
| 999 |
_c157301 _d157301 |
||
| 005 | 20181211155910.0 | ||
| 010 | _aB-227217 | ||
| 020 |
_a8180520919 _c135.00 |
||
| 035 | _aB-227217, B-227234 | ||
| 037 | _bAne Books | ||
| 082 | _a480 | ||
| 100 | _aTandon,B.G. | ||
| 245 |
_aA to z of english _h _cB.G.Tandon |
||
| 260 |
_aNew Delhi _bAne Books _c2006 |
||
| 300 |
_a154p _c22cm(pbk) |
||
| 942 |
_2ddc _cEN _h480 _mTAN |
||